| 000 | 02593cam a2200385 a 4500 | ||
|---|---|---|---|
| 001 | 16254383 | ||
| 003 | ARRUPE | ||
| 005 | 20131001160727.0 | ||
| 008 | 100527s2010 mau b 001 0 eng | ||
| 010 | _a 2010021683 | ||
| 020 | _a9780801039515 (pbk.) | ||
| 020 | _a0801039517 (pbk.) | ||
| 020 | _a9781598564457 (alk. paper) | ||
| 020 | _a1598564455 (alk. paper) | ||
| 035 | _a(OCoLC)ocn637710865 | ||
| 040 |
_aDLC _cDLC _dXBE _dLNT _dYDXCP _dSLT _dBWX _dUMS _dDLC |
||
| 043 |
_ae------ _aff----- _aaw----- |
||
| 050 | 0 | 0 |
_aBR128.A2 _bS76 2010 |
| 082 | 0 | 0 |
_a261.2 _222 |
| 245 | 0 | 0 |
_aStoicism in early Christianity / _cedited by Tuomas Rasimus, Troels Engberg-Pedersen, and Ismo Dunderberg. |
| 260 |
_aPeabody, Mass. : _bHendrickson Publishers, _cc2010. |
||
| 300 |
_axiii, 301 p. ; _c23 cm. |
||
| 504 | _aIncludes bibliographical references and indexes. | ||
| 505 | 0 | _aSetting the scene : Stoicism and Platonism in the transitional period in ancient philosophy / Troels Engberg-Pedersen -- Stoicism as a key to Pauline ethics in Romans / Runar M. Thorsteinsson -- Stoic law in Paul? / Niko Huttunen -- Jesus the teacher and Stoic ethics in the gospel of Matthew / Stanley K. Stowers -- An "emotional" Jesus and Stoic tradition / Harold W. Attridge -- The emotional Jesus : anti-Stoicism in the fourth gospel? / Gitte Buch-Hansen -- Stoic physics, the universal conflagration, and the eschatological destruction of the "ignorant and unstable" in 2 Peter / J. Albert Harrill -- The Stoics and the early Christians on the treatment of slaves / John T. Fitgerald -- Facing the beast : Justin, Christian martyrdom, and freedom of the will / Nicola Denzey -- A Stoic reading of the Gospel of Mary : the meaning of "matter" and "nature" in Gospel of Mary 7.1-8.11 / Esther de Boer -- Stoic traditions in the school of Valentinus / Ismo Dunderberg -- Critical reception of the Stoic theory of passions in the Apocryphon of John / Takashi Onuki -- Stoic ingredients in the Neoplatonic being-life-mind triad : an original second-century Gnostic innovation? / Tuomas Rasimus. | |
| 630 | 0 | 0 |
_aBible. _pNew Testament _xPhilosophy. _91898 |
| 650 | 0 |
_aStoics. _91899 |
|
| 650 | 0 |
_aPhilosophy and religion _zRome. _91900 |
|
| 650 | 0 |
_aChurch history _yPrimitive and early church, ca. 30-600. _91901 |
|
| 700 | 1 |
_aRasimus, Tuomas. _91902 |
|
| 700 | 1 |
_aEngberg-Pedersen, Troels. _91903 |
|
| 700 | 1 |
_aDunderberg, Ismo. _91904 |
|
| 906 |
_a7 _bcbc _corignew _d1 _eecip _f20 _gy-gencatlg |
||
| 942 |
_2lcc _cMONOGRAPH |
||
| 999 |
_c118197 _d118197 |
||